000 00464nam a2200193Ia 4500
005 20250423094754.0
008 250422s9999 xx 000 0 und d
020 _a9781118973431
050 _aRC 48 .B73/
100 _aBradley R. John
245 0 _aclinical medicine: lecture notes
250 _a8th ed.
260 _aUnited Kingdom
260 _bJohn Wiley & Sons
260 _c2019
300 _a443 p
650 _aClinical medicine
942 _cBK
999 _c28250
_d28250